Jeppy Goes to the NFL - Statistics

General Stats
  • This quiz has been taken 258 times
  • The average score is 15 of 16
Answer Stats
Picture Answer % Correct
Carolina Panthers
99%
Chicago Bears
98%
Green Bay Packers
97%
Minnesota Vikings
97%
Atlanta Falcons
96%
Dallas Cowboys
96%
Detroit Lions
96%
New Orleans Saints
95%
Philadelphia Eagles
95%
San Francisco 49ers
95%
Seattle Seahawks
95%
Tampa Bay Buccaneers
95%
Los Angeles Rams
93%
Washington Commanders
92%
New York Giants
91%
Arizona Cardinals
74%
No matching quizzes found
Score Distribution
Percent of People with Each Score
Percentile by Number Answered
Your Score History
You have not taken this quiz